Nobleza y élites tradicionales análogas en las alocuciones de Pio XII al Patriciado y a la Nobleza romana / (Record no. 10090)
[ view plain ]
| 000 -LEADER | |
|---|---|
| campo de control de longitud fija | 00750nam a2200229 i 4500 |
| 001 - NÚMERO DE CONTROL | |
| campo de control | 10090 |
| 003 - IDENTIFICADOR DE NÚMERO DE CONTROL | |
| campo de control | ES-MaACL |
| 005 - FECHA Y HORA DE LA ÚLTIMA TRANSACCIÓN | |
| campo de control | 20230906145822.0 |
| 007 - CAMPO FIJO DE DESCRIPCIÓN FÍSICA--INFORMACIÓN GENERAL | |
| campo de control de longitud fija | t| |
| 008 - DATOS DE LONGITUD FIJA--INFORMACIÓN GENERAL | |
| campo de control de longitud fija | 950208s1993 sp ||||1| spa d |
| 020 ## - NÚMERO INTERNACIONAL ESTÁNDAR DEL LIBRO | |
| Número Internacional Estándar del Libro | 84-85433-08-4 |
| 080 ## - NÚMERO DE LA CLASIFICACIÓN DECIMAL UNIVERSAL | |
| Número de la Clasificación Decimal Universal | 262.13 Pio XII |
| 080 ## - NÚMERO DE LA CLASIFICACIÓN DECIMAL UNIVERSAL | |
| Número de la Clasificación Decimal Universal | 929.7 |
| 100 0# - ENTRADA PRINCIPAL--NOMBRE DE PERSONA | |
| Nombre de persona | Oliveira, Plinio Corrêa de. |
| 9 (RLIN) | 86795 |
| 245 10 - MENCIÓN DEL TÍTULO | |
| Título | Nobleza y élites tradicionales análogas en las alocuciones de Pio XII al Patriciado y a la Nobleza romana / |
| Mención de responsabilidad, etc. | Plinio Corrêa de Oliveira. |
| 250 ## - MENCION DE EDICION | |
| Mención de edición | [2ª ed.]. |
| 260 ## - PUBLICACIÓN, DISTRIBUCIÓN, ETC. | |
| Lugar de publicación, distribución, etc. | Madrid : |
| Nombre del editor, distribuidor, etc. | Fernando III el Santo, |
| Fecha de publicación, distribución, etc. | 1993. |
| 300 ## - DESCRIPCIÓN FÍSICA | |
| Extensión | 327 p. : |
| Otras características físicas | il. ; |
| Dimensiones | 29 cm. |
| 600 04 - PUNTO DE ACCESO ADICIONAL DE MATERIA--NOMBRE DE PERSONA | |
| Nombre de persona | Pío |
| Numeración | XII, |
| Títulos y otros términos asociados al nombre | Papa- |
| Subdivisión general | Pensamiento social. |
| 9 (RLIN) | 92301 |
| 650 14 - PUNTO DE ACCESO ADICIONAL DE MATERIA--TÉRMINO DE MATERIA | |
| Término de materia o nombre geográfico como elemento de entrada | Nobleza. |
| 9 (RLIN) | 15574 |
| 852 ## - LOCALIZACIÓN | |
| Ubicación | ES-MaACL |
| Número de control de estantería | L-17595 |
| Sublocalización o colección | R.123528 |
| Estatus retirado | Estado de pérdida | Estado de daño | No para préstamo | Biblioteca de origen | Biblioteca actual | Ubicación en estantería | Fecha de adquisición | Fuente de adquisición | Total de préstamos | Signatura topográfica completa | Código de barras | Visto por última vez | Precio de reemplazo | Tipo de ítem Koha |
|---|---|---|---|---|---|---|---|---|---|---|---|---|---|---|
| Biblioteca del Ateneo de Madrid | Biblioteca del Ateneo de Madrid | Depósito 2 | 17/01/2008 | L-17595 | 1010297 | 23/02/2023 | 23/02/2023 | Libro impreso |
